Οι πολιτισμικές αξίες και η σημασία τους στην ανθρώπινη πρόοδο

Αποθηκεύτηκε σε:
Λεπτομέρειες βιβλιογραφικής εγγραφής
Άλλοι συγγραφείς: Harrison, Lawrence E. (Επιμελητής έκδοσης), Huntington, Samuel P. (Επιμελητής έκδοσης), Μαραγκουδάκης, Μανούσος Ε. (Μεταφραστής, Επιμελητής έκδοσης)
Μορφή: Βιβλίο
Γλώσσα:Greek
English
Δημοσίευση: Θεσσαλονίκη : Κυρομάνος, 2007.
Θέματα:
Ετικέτες: Προσθήκη ετικέτας
Δεν υπάρχουν, Καταχωρήστε ετικέτα πρώτοι!

MARC

LEADER 00000cam a2200000 i 4500
001 1/99290
008 081212s2007 gr | ||| |||| ||gre||
020 |a 9789607812551 
035 |l 10102407 
040 |a GR-MyUA  |b gre  |e AACR2 
041 1 |a gre  |h eng 
082 0 |a 306  |2 (22) 
245 1 3 |a Οι πολιτισμικές αξίες και η σημασία τους στην ανθρώπινη πρόοδο /   |c L. E. Harrison - S. P. Huntington (ed.) ; μετάφραση-επιμέλεια-εισαγωγή Μανούσος Ε. Μαραγκουδάκης.  
260 |a Θεσσαλονίκη :   |b Κυρομάνος,   |c 2007.  
300 |a 508 σ. :   |b σχέδια, πίν. ;   |c 23 εκ. 
500 |a Τίτλος πρωτοτύπου: Culture matters.  
504 |a Περιέχει βιβλιογραφικές παραπομπές.  
650 0 0 |a Social values. 
650 0 0 |a Culture. 
700 1 |a Harrison, Lawrence E.  |e edt 
700 1 |a Huntington, Samuel P.  |e edt 
700 1 |a Μαραγκουδάκης, Μανούσος Ε.  |e trl  |e edt 
852 |a INST  |b LESVOS  |e 20081212  |h 306 ΠΟΛ  |p 005100044110  |q 005100044110  |t BK  |y 0 
852 |a INST  |b LESVOS  |e 20101207  |h 306 ΠΟΛ  |p 005100049495  |q 005100049495  |t BK  |y 0 
852 |a INST  |b LESVOS  |e 20101207  |h 306 ΠΟΛ  |p 005100049496  |q 005100049496  |t BK  |y 0 
852 |a INST  |b LESVOS  |e 20101207  |h 306 ΠΟΛ  |p 005100049497  |q 005100049497  |t BK  |y 0 
852 |a INST  |b LESVOS  |e 20101207  |h 306 ΠΟΛ  |p 005100049498  |q 005100049498  |t BK  |y 0 
852 |a INST  |b LESVOS  |e 20110728  |h 306 ΠΟΛ  |p 005100050064  |q 005100050064  |t BK  |y 0 
901 |a BIBL1-2008-3 
901 |a BIBL1-2010-3 
909 |a Λ  |b 141206 
909 |a Λ  |b 165142 
909 |a Λ  |b 165143 
909 |a Λ  |b 165144 
909 |a Λ  |b 165143 
909 |a Λ  |b 170195 
970 |a ΓΙΑΛΑΜΑ  |b ΜΑΡΙΑ  |z 2008/12/12